000 00514nam a22001697a 4500
008 160808b xxu||||| |||| 00| 0 eng d
020 _a007124459X
082 _22006
_aDC 657.046
_bL32m
100 _912494
_aLarsen, E. John
245 _aModern advanced accounting/
_cE. John Larsen.
250 _a10th edition
260 _aBoston:
_bMcGraw-Hill,
_cc2006.
300 _axvii, 830 pages:
_billustrations;
_c26 cm.
500 _aIncludes glossary and index.
650 0 _912495
_aAccounting
942 _2ddc
_cDC
999 _c3753
_d3753